UITU Library & LRC     

Information Systems Control and Audit (Record no. 14707)

MARC details
000 -LEADER
fixed length control field 00457nam a2200181Ia 4500
008 - FIXED-LENGTH DATA ELEMENTS--GENERAL INFORMATION
fixed length control field 240925s9999 xx 000 0 und d
020 ## - INTERNATIONAL STANDARD BOOK NUMBER
International Standard Book Number 9788131704721
082 ## - DEWEY DECIMAL CLASSIFICATION NUMBER
Classification number 658.4038 WEB
100 ## - MAIN ENTRY--PERSONAL NAME
Personal name Weber, Ron
245 #0 - TITLE STATEMENT
Title Information Systems Control and Audit
250 ## - EDITION STATEMENT
Edition statement NA
260 ## - PUBLICATION, DISTRIBUTION, ETC.
Place of publication, distribution, etc. New Delhi:
Name of publisher, distributor, etc. Prentice Hall
Date of publication, distribution, etc. ,2009.
300 ## - PHYSICAL DESCRIPTION
Extent 434p.
Other physical details NA
Type of unit Original
500 ## - GENERAL NOTE
General note Includes Index
600 ## - SUBJECT ADDED ENTRY--PERSONAL NAME
Personal name Management
650 ## - SUBJECT ADDED ENTRY--TOPICAL TERM
Topical term or geographic name entry element Management
942 ## - ADDED ENTRY ELEMENTS (KOHA)
Koha item type Books
Holdings
Withdrawn status Lost status Damaged status Not for loan Collection Home library Current library Date acquired Source of acquisition Cost, normal purchase price Total checkouts Full call number Barcode Date last seen Price effective from Koha item type
        Managament Sciences UITU Library UITU Library 12/13/2018 Citizen Book Shop 350.00   658.4038 WEB Q12208 09/25/2024 09/25/2024 Books

Powered by Koha